市町村クイズ - 北海道 ver. - Statistics

General Stats
  • This quiz has been taken 1,250 times
  • The average score is 114 of 185
Answer Stats
振興局 市町村 % Correct
石狩振興局 札幌市
95%
石狩市
94%
夕張市
90%
後志総合振興局 小樽市
90%
渡島総合振興局 函館市
90%
宗谷総合振興局 稚内市
90%
釧路総合振興局 釧路市
90%
釧路郡 釧路町
90%
千歳市
89%
留萌振興局 留萌市
88%
網走市
88%
上川総合振興局 旭川市
87%
北広島市
86%
苫小牧市
86%
利尻郡 利尻町
86%
根室振興局 根室市
86%
礼文郡 礼文町
85%
紋別市
84%
胆振総合振興局 室蘭市
83%
オホーツク総合振興局 北見市
83%
十勝総合振興局 帯広市
83%
松前郡 松前町
82%
富良野市
82%
上川町
82%
日高振興局 沙流郡 日高町
81%
増毛郡 増毛町
81%
斜里郡 斜里町
81%
北斗市
80%
江別市
79%
恵庭市
79%
空知総合振興局 岩見沢市
79%
天塩町
79%
厚岸郡 厚岸町
79%
積丹郡 積丹町
78%
余市町
78%
山越郡 長万部町
78%
奥尻郡 奥尻町
77%
白老郡 白老町
77%
虻田郡 ニセコ町
76%
森町
76%
浦河郡 浦河町
76%
士別市
76%
中川町
76%
滝川市
75%
砂川市
75%
檜山振興局 檜山郡 江差町
75%
様似郡 様似町
75%
日高郡 新ひだか町
75%
足寄郡 足寄町
75%
新冠郡 新冠町
74%
名寄市
74%
利尻富士町
74%
標津郡 中標津町
74%
洞爺湖町
73%
音威子府村
73%
標津町
73%
雨竜町
72%
幌泉郡 えりも町
72%
枝幸町
72%
白糠郡 白糠町
72%
歌志内市
71%
登別市
71%
中富良野町
71%
宗谷郡 猿払村
71%
美唄市
70%
寿都郡 寿都町
70%
木古内町
70%
伊達市
70%
空知郡 上富良野町
70%
勇払郡 占冠村
70%
深川市
69%
二海郡 八雲町
69%
久遠郡 せたな町
69%
色丹郡 色丹村
69%
岩内町
68%
南富良野町
67%
苫前郡 苫前町
67%
広尾町
67%
赤平市
66%
枝幸郡 浜頓別町
65%
古宇郡 | 国後郡 泊村
64%
天塩郡 豊富町
64%
目梨郡 羅臼町
64%
芦別市
63%
島牧郡 島牧村
63%
紋別郡 遠軽町
63%
石狩郡 当別町
62%
むかわ町
62%
新十津川町
61%
興部町
61%
美瑛町
60%
中頓別町
60%
川上郡 標茶町
60%
沼田町
59%
留寿都村
59%
福島町
59%
亀田郡 七飯町
59%
佐呂間町
59%
上川郡 新得町
59%
三笠市
58%
野付郡 別海町
58%
幌延町
57%
古平郡 古平町
56%
大空町
56%
池田町
56%
上川郡 和寒町
55%
西興部村
55%
秩父別町
54%
黒松内町
54%
余市郡 赤井川村
54%
陸別町
54%
弟子屈町
54%
蘂取郡 蘂取村
54%
勇払郡 厚真町
53%
河西郡 芽室町
53%
紗那郡 紗那村
53%
新篠津村
52%
北竜町
52%
京極町
52%
茅部郡 鹿部町
52%
比布町
52%
下川町
52%
雨竜郡 幌加内町
52%
清水町
52%
広尾郡 大樹町
52%
上砂川町
51%
栗山町
51%
雨竜郡 妹背牛町
51%
上磯郡 知内町
51%
上ノ国町
51%
愛別町
51%
中川郡 美深町
50%
初山別村
49%
河東郡 音更町
49%
士幌町
49%
浜中町
49%
虻田郡 豊浦町
48%
安平町
48%
羽幌町
48%
上士幌町
48%
神恵内村
47%
東神楽町
47%
東川町
47%
留萌郡 小平町
47%
網走郡 美幌町
47%
湧別町
47%
夕張郡 由仁町
46%
樺戸郡 月形町
46%
浦臼町
46%
厚沢部町
46%
剣淵町
46%
天塩郡 遠別町
46%
十勝郡 浦幌町
46%
磯谷郡 蘭越町
45%
小清水町
45%
空知郡 南幌町
44%
中川郡 幕別町
44%
豊頃町
44%
奈井江町
43%
岩内郡 共和町
43%
仁木町
43%
有珠郡 壮瞥町
43%
鹿追町
43%
瀬棚郡 今金町
42%
雄武町
42%
中札内村
42%
留夜別村
42%
喜茂別町
41%
当麻町
41%
常呂郡 訓子府町
41%
阿寒郡 鶴居村
41%
択捉郡 留別村
41%
長沼町
40%
平取町
40%
清里町
40%
真狩村
38%
倶知安町
38%
爾志郡 乙部町
37%
津別町
37%
上川郡 鷹栖町
36%
置戸町
35%
滝上町
35%
更別村
35%
本別町
34%
No matching quizzes found
Score Distribution
Percent of People with Each Score
Percentile by Number Answered
Your Score History
You have not taken this quiz